Statistics for Counting to 100 in Base 11

Click here to take the quiz!

General Stats

  • This quiz has been taken 28 times
  • The average score is 70 of 101

Answer Stats

Base 10Base 11% Correct
00
100%
11
100%
22
100%
33
100%
44
100%
55
100%
66
100%
77
100%
88
100%
99
100%
1110
67%
1211
67%
1312
67%
1413
67%
1514
67%
1615
67%
1716
67%
1817
67%
1918
67%
2019
67%
2220
67%
2321
67%
2422
67%
2523
67%
2624
67%
2725
67%
2826
67%
2927
67%
3028
67%
3129
67%
3330
67%
3431
67%
3532
67%
3633
67%
3734
67%
3835
67%
3936
67%
4037
67%
4138
67%
4239
67%
4440
67%
4541
67%
4642
67%
4743
67%
4844
67%
4945
67%
5046
67%
5147
67%
5248
67%
5349
67%
5550
67%
5651
67%
5752
67%
5853
67%
5954
67%
6055
67%
6156
67%
6257
67%
6358
67%
6459
67%
6660
67%
6761
67%
6862
67%
6963
67%
7064
67%
7165
67%
7266
67%
7367
67%
7468
67%
7569
67%
7770
67%
7871
67%
7972
67%
8073
67%
8174
67%
8275
67%
8376
67%
8477
67%
8578
67%
8679
67%
8880
67%
8981
67%
9082
67%
9183
67%
9284
67%
9385
67%
9486
67%
9587
67%
9688
67%
9789
67%
9990
67%
10091
67%
211A
61%
322A
61%
433A
61%
544A
61%
655A
61%
766A
61%
877A
61%
988A
61%
10A
61%

Score Distribution

Percentile by Number Answered

Percent of People with Each Score

Your Score History

You have not taken this quiz